Quizzes
Events
Quiz Creation
Community
Videos
Private Events
Remove Ads
Sign In
Join for FREE
Feedback
Dark Mode
Quiz Categories
Sports
Geography
Music
Movies
Television
Just For Fun
Miscellaneous
History
Literature
Language
Science
Gaming
Entertainment
Religion
Holiday
For Kids
Quiz Lab
Recent
Popular Today
Quiz Kudos Today
Editor Picks
Curator Picks
Quizzes by...
Day
Popularity
Type
Ratings
Length
Year
Community
Subscriptions
Recent Discussions
Orange Saloon
Badges
Playlists
Quests
Create
Leaderboards
Showdown
Live 5
Trivia Bingo
Activity
Puzzle Library
Sporcle Events
Private Events
Virtual Trivia
Globe League
Become a Host
Pub Owners
SporcleCon
Opinionation
Our Games
Videos
Blog
Mobile Apps
Partnerships
Remove Ads and Go Orange
Feedback
Language
Vocabulary
Begins and Ends
Definition
Spanish
French
German
Italian
Chinese
Latin
Translation
Japanese
Language
Vocabulary
Begins and Ends
Definition
Spanish
French
German
Italian
Chinese
Latin
Translation
Japanese
Random Quiz
Search Sporcle
×
Quiz Lab
Quiz Lab
Language
Spanish
Type in answers that appear in a list
Type in answers that appear in a list
Classic
Best Score? Go Orange.
Spanish Verb Conjugation Stats
Can you name the Conjugated Form of these present tense Spanish verbs?
By
johnnyenchilada
5m
16 Questions
2,228 Plays
2,228 Plays
2,228 Plays
Comments
Comments
Give Quiz Kudos
Give Quiz Kudos
-
- Ratings
hide this ad
Forced Order
Answers have to be entered in order
Answers have to be entered in order
Replay
Link that replays current quiz
Next Quiz
Link to next quiz in quiz playlist
You Got
0%
They Got
Avg Score
69%
Avg Friend Score
Upgrade to see
Score Distribution
Jump to the score distribution portion of the page
Score
0/16
Timer
05:00
0
Plays Today
Infinitive Form
Conjugated Verb
% Correct
Correr
Corres
97.5%
Haber
Ha
85.8%
Nadar
Nada
85.1%
Querer
Queremos
82.6%
Ir
Voy
82.6%
Vivir
Vivimos
81.1%
Tener
Tienes
71.6%
Traer
Traigo
71.3%
Infinitive Form
Conjugated Verb
% Correct
Amar
Ama
70.4%
Dar
Doy
67.3%
Costar
Cuesta
61.7%
Merendar
Merendais
58.2%
Repetir
Repiten
57%
Oir
Oyes
52.6%
Vestir
Viste
49.6%
Conseguir
Consiguen
39.9%
Quiz Playlist
Details
Report
Send in Message
Add To Playlist
Classic:
Type in answers that appear in a list
Forced Order:
Answers have to be entered in order
Last Updated: Nov 21, 2018
Quiz Scoreboard
CHALLENGE
Sign Up to Join the Scoreboard
Show All
Scores
Hide
Comments
May contain spoilers
Recently Published
Click the 1999 NBA Draft
by nibperrychub
Sports
2m
Alphabetical 'K' Countries by Flag Minefield
by ylime102
Geography
3m
Pick 6: Fruits
by JohnFran
Miscellaneous
15s
More to Explore
Quiz From the Vault
Featured Blog Post
15 Basketball Trivia Facts You Can Be March Mad About
hide this ad
You Might Also Like...
Tags
Spanish Quiz
Conjugated
conjugation
form
Infinitive
subject
Verb
Today's Top Quizzes in Language
Browse Language
hide this ad
Today's Top Quizzes in Spanish
Browse Spanish
Top Contributed Quizzes in Language
1
Spring or Fall
2
Spanish Seasons
3
Multilingual Seasons
4
Seasonal Rhymes
5
Name the 4 Seasons in English
6
Einsilbige Reime auf Chips
7
Spring or Fall?
8
Quick Pick: Prefixes for Spring
9
CWLC 7 Spanish School 2022
10
Quick Pick: Seasons in Esperanto
Explore More
Trending Topics
Harry Potter
Kpop
Crossword
Marvel
Anime
NBA
Disney
Puzzle
NFL
Song
WWE
Pokémon
The Office
Soccer
Country
hide this ad
More By:
johnnyenchilada
Quiz
Plays
Rating
Category
Featured
Created
Spanish Verb Conjugation
2,228
5.00
Language
May 25, 2010
Song Beginnings
272
3.00
Music
May 23, 2010
Go to Creator's Profile
Score Distribution
Quiz Creator Spotlight
johnnyenchilada
Follow
Send a Message
Quizzes Created
-
Created Quiz Play Count
-
More By This Creator
Popular Quizzes Today
1
Countries of Asia Without Outlines Minefield
2
Find the US States - No Outlines Minefield
3
Pick 6: Fruits
4
Alphabetical 'K' Countries by Flag Minefield
5
The Countries of the World
6
Find the Countries of Europe - No Outlines Minefield
7
Find the US States
8
US States
More Language Quizzes
How do I spell...? 2021
Quiz Lab
Trending Quizzes
Pick 6: Mountains
Pick 6: Harry Potter
Pick 6: Flags
Pick 6: NFL Teams
Pick 6: Movie Franchises
Recently Updated
NWSL Teams
pecheneg
Women's Final Four Teams by Year
bhenderson79
Presidents Quartet II
eogle
Anything But Clue(do)
eogle
Anything But Oceanian Capitals
eogle
Anything But 7
eogle
Anything But Thing
eogle
Word Ladder: February 29
pecheneg
Song Title Questions
pecheneg
Women's NCAA Tournament #1 Seeds
pecheneg
Trending Topics
Marvel
Disney
Crossword
NBA
Harry Potter
Kpop
Anime
NFL
Puzzle
Song
Country
Soccer
The Office
WWE
Pokémon
Your Account Isn't Verified!
In order to create a playlist on Sporcle, you need to verify the email address you used during registration. Go to your
Sporcle Settings
to finish the process.
Report this User
Report this user for behavior that violates our
Community Guidelines
.
Details:
Send Report
Go to the Sporcle.com Mobile Site →
Comments